| 000 | 00579 a2200169 4500 | ||
|---|---|---|---|
| 020 | _a8176482374 | ||
| 020 | _a9788176482370 | ||
| 090 |
_c1314 _d1314 |
||
| 100 | 1 | _aChoudhary, N.R. | |
| 245 | 1 | 0 |
_aManagement in education / _cN.R. Choudhary. |
| 260 |
_a[S.l.] : _bAPH Publishing Corporation, _c2001. |
||
| 300 | _a1 v. (unpaged) | ||
| 500 | _aHardcover. | ||
| 856 | 4 | 0 |
_3Amazon.com _uhttp://www.amazon.com/exec/obidos/ASIN/8176482374/chopaconline-20 |
| 856 | 4 | 0 |
_3Amazon customer reviews _uhttp://www.chopac.org/cgi-bin/tools/azrev.pl?q=8176482374 |
| 942 |
_aNBS _cBK _k371.2 CHO |
||
| 999 |
_c343837 _d343837 |
||